[Event "Moscow Youth U19 2019"]
[Site "Moscow"]
[Date "2019.11.20"]
[Round "3.3"]
[White "Vetokhin, Savva"]
[Black "Gotsiuk, Denis"]
[Result "1/2-1/2"]
[WhiteElo "2081"]
[BlackElo "1976"]
[Annotator "NA"]
[PlyCount "82"]
[EventDate "2019.11.18"]
[EventType "swiss"]
[EventCountry "RUS"]
[SourceTitle "playchess.com"]
[Source "ChessBase"]
[SourceQuality "1"]
[TimeControl "5400+30"]

1. e4 {[%emt 0:00:00]} Nf6 {[%emt 0:00:00]} 2. e5 {[%emt 0:00:00]} Nd5 {[%emt 0:00:00]} 3. d4 {[%emt 0:00:02]} d6 {[%emt 0:00:00]} 4. c4 {[%emt 0:00:07]} Nb6 {[%emt 0:00:00]} 5. exd6 {[%emt 0:00:06]} exd6 {[%emt 0:00:00]} 6. Nc3 {[%emt 0:00:53]} Be7 {[%emt 0:00:00]} 7. Be3 {[%emt 0:00:09]} Nc6 {[%emt 0:03:54]} 8. h3 {[%emt 0:03:11] B03: Alekhine's Defence: Four Pawns Attack} Bf5 {[%emt 0:01:00]} 9. Nf3 {[%emt 0:02:26]} Bf6 {[%emt 0:01:30]} (9... O-O 10. g4 Bg6 11. h4 h6 12. h5 Bh7 13. Rg1 d5 14. g5 hxg5 15. Nxg5 Bxg5 16. Rxg5 Nb4 {0-1 (57) Harikrishna,P (2744)-Bortnyk,O (2610) Riadh 2017}) 10. Rc1 {[%emt 0:03:43]} O-O {[%emt 0:01:54]} 11. d5 {[%emt 0:03:47]} Ne5 {[%emt 0:01:16]} 12. Nd4 {[%emt 0:00:19]} Bg6 {[%emt 0:04:10]} 13. b3 {[%emt 0:01:05]} Re8 {[%emt 0:01:29]} 14. Be2 {[%emt 0:00:22]} Bg5 $146 {[%emt 0:02:02]} ({Predecessor:} 14... Nd3+ 15. Bxd3 Bxd4 16. Bxg6 Bxe3 17. Bxh7+ Kxh7 {0-1 (44) Jaenig,R (2164)-Wohl,A (2418) Bad Woerishofen 2008}) 15. Bxg5 {[%emt 0:03:43]} Qxg5 {[%emt 0:00:02]} 16. O-O {[%emt 0:00:12]} Qf4 {[%emt 0:07:27]} 17. g3 {[%emt 0:01:24]} Qh6 {[%emt 0:01:14]} ({Black should try} 17... Qf6 $1 $14) 18. Kh2 {[%emt 0:00:32]} Ned7 {[%emt 0:10:31]} 19. f4 {[%emt 0:01:55]} (19. Ndb5 $142) 19... Be4 {[%emt 0:07:27]} (19... Nf6 $16) 20. Ndb5 {[%emt 0:02:00]} Bf5 {[%emt 0:04:06]} 21. Bg4 {[%emt 0:00:16]} Bxg4 {[%emt 0:01:14]} 22. Qxg4 {[%emt 0:00:27]} Rec8 {[%emt 0:01:59]} 23. Rfe1 {[%emt 0:02:57]} a6 {[%emt 0:00:19]} 24. Nd4 {[%emt 0:00:07]} Re8 {[%emt 0:17:37]} 25. Nf5 {[%emt 0:05:43]} Qf6 {[%emt 0:01:07]} 26. Ne4 {[%emt 0:00:55]} Qg6 {[%emt 0:00:18]} 27. Qxg6 {[%emt 0:01:33]} hxg6 {[%emt 0:00:07]} 28. Nd4 {[%emt 0:00:05]} Kf8 {[%emt 0:06:07]} 29. Kg2 {[%emt 0:00:56]} Re7 {[%emt 0:01:21]} 30. Ng5 {[%emt 0:01:01]} Rae8 {[%emt 0:01:21]} 31. Rxe7 {[%emt 0:00:21]} Rxe7 {[%emt 0:00:06]} 32. Kf3 {[%emt 0:00:04]} Nc5 {[%emt 0:02:50]} 33. Rd1 {[%emt 0:00:27]} Nbd7 {[%emt 0:01:02]} 34. g4 {[%emt 0:00:52]} Nf6 {[%emt 0:00:28]} 35. b4 {[%emt 0:00:31]} Na4 {[%emt 0:05:40]} 36. Rc1 {[%emt 0:01:46]} Nb2 {[%emt 0:01:17]} 37. Ne2 {[%emt 0:05:27]} b5 {[%emt 0:03:36]} 38. cxb5 {[%emt 0:00:21]} axb5 {[%emt 0:00:15]} 39. Nc3 $1 {[%emt 0:00:39]} Nd3 {[%emt 0:01:11]} 40. Rb1 $11 {[%emt 0:01:14]} Ne1+ {[%emt 0:00:32]} 41. Kf2 {[%emt 0:00:51]} Nd3+ {[%emt 0:14:01]} 1/2-1/2

[Event "Moscow Youth U19 2019"]
[Site "Moscow"]
[Date "2019.11.20"]
[Round "3.4"]
[White "Miroshnik, Ekaterina"]
[Black "Makarian, Rudik"]
[Result "0-1"]
[WhiteElo "2127"]
[BlackElo "2405"]
[Annotator "ChessBase"]
[PlyCount "152"]
[EventDate "2019.11.18"]
[EventType "swiss"]
[EventCountry "RUS"]
[SourceTitle "playchess.com"]
[Source "ChessBase"]
[SourceQuality "1"]
[TimeControl "5400+30"]

1. d4 {[%emt 0:00:00]} Nf6 {[%emt 0:00:00]} 2. Nf3 {[%emt 0:00:00]} g6 {[%emt 0:00:00]} 3. c4 {[%emt 0:00:32]} Bg7 {[%emt 0:00:00]} 4. g3 {[%emt 0:00:04]} c5 {[%emt 0:00:00]} 5. d5 {[%emt 0:00:09]} O-O {[%emt 0:00:00]} 6. Nc3 {[%emt 0:00:18]} e6 {[%emt 0:00:01]} 7. Bg2 {[%emt 0:00:06]} exd5 {[%emt 0:00:04]} 8. cxd5 {[%emt 0:00:03]} d6 {[%emt 0:00:02]} 9. O-O {[%emt 0:00:05]} Re8 {[%emt 0:00:03]} 10. Nd2 {[%emt 0:01:03]} a6 {[%emt 0:00:04]} 11. a4 {[%emt 0:00:03]} Nbd7 {[%emt 0:00:03]} 12. Nc4 {[%emt 0:00:54]} Ne5 {[%emt 0:01:20]} 13. Nxe5 {[%emt 0:02:47]} Rxe5 {[%emt 0:00:02]} 14. Bf4 {[%emt 0:00:09]} Re8 {[%emt 0:00:04]} 15. a5 {[%emt 0:01:08]} Rb8 {[%emt 0:04:36]} 16. Qd2 {[%emt 0:16:38]} b5 {[%emt 0:01:40]} 17. axb6 {[%emt 0:00:05]} Rxb6 {[%emt 0:00:46]} 18. e4 {[%emt 0:05:13]} Bd7 {[%emt 0:01:56]} 19. Ra2 {[%emt 0:01:32]} Ng4 {[%emt 0:11:05]} 20. Qe2 {[%emt 0:09:01]} Ne5 {[%emt 0:17:07]} 21. Rxa6 {[%emt 0:21:02]} Bg4 {[%emt 0:00:07]} 22. f3 {[%emt 0:00:02]} Rxa6 {[%emt 0:00:04]} 23. Qxa6 {[%emt 0:00:05]} Bc8 {[%emt 0:00:04]} 24. Qe2 {[%emt 0:03:43]} Qa5 {[%emt 0:00:25]} 25. Qb5 {[%emt 0:03:47]} Qd8 {[%emt 0:04:16]} 26. Ra1 {[%emt 0:02:33]} Bd7 {[%emt 0:02:01]} 27. Qe2 {[%emt 0:01:00]} Qb8 {[%emt 0:00:44]} 28. Ra6 {[%emt 0:03:20]} c4 {[%emt 0:10:50]} 29. Be3 {[%emt 0:08:16]} Nd3 {[%emt 0:01:54]} 30. Rb6 {[%emt 0:01:12]} Qc7 {[%emt 0:00:39]} 31. Bf1 {[%emt 0:03:08]} Rb8 {[%emt 0:01:49]} 32. Rxb8+ {[%emt 0:00:09]} Qxb8 {[%emt 0:00:03]} 33. Qd2 {[%emt 0:07:17]} Nxb2 {[%emt 0:09:36]} 34. Bd4 {[%emt 0:00:10]} Bxd4+ {[%emt 0:00:22]} 35. Qxd4 {[%emt 0:00:03]} Qb3 {[%emt 0:00:10]} 36. e5 {[%emt 0:06:30]} dxe5 {[%emt 0:23:59]} 37. Qxe5 {[%emt 0:00:01]} Nd3 {[%emt 0:01:43]} 38. Qd4 {[%emt 0:05:06]} Qb2 {[%emt 0:01:49]} 39. Ne2 {[%emt 0:01:10]} Qb1 {[%emt 0:02:05]} 40. g4 {[%emt 0:00:52]} Ne1 {[%emt 0:02:32]} 41. Qe3 {[%emt 0:00:30]} Qd1 {[%emt 0:01:08]} 42. Kf2 {[%emt 0:00:38]} Nd3+ {[%emt 0:01:41]} 43. Kg1 {[%emt 0:00:17]} h5 {[%emt 0:00:28]} 44. h3 {[%emt 0:00:05]} hxg4 {[%emt 0:00:13]} 45. hxg4 {[%emt 0:00:01]} Qe1 {[%emt 0:00:28]} 46. d6 {[%emt 0:00:40]} Qb4 {[%emt 0:00:41]} 47. Qd4 {[%emt 0:00:13]} Ne1 {[%emt 0:00:30]} 48. Kf2 {[%emt 0:00:28]} Nc2 {[%emt 0:00:20]} 49. Qe5 {[%emt 0:01:39]} Qb6+ {[%emt 0:00:41]} 50. Kg3 {[%emt 0:00:05]} Ne3 {[%emt 0:00:26]} 51. Bg2 {[%emt 0:00:34]} Nd1 {[%emt 0:01:37]} 52. Qd4 {[%emt 0:00:04]} Qxd4 {[%emt 0:00:22]} 53. Nxd4 {[%emt 0:00:01]} Ne3 {[%emt 0:00:43]} 54. Bh3 {[%emt 0:01:34]} c3 {[%emt 0:00:59]} 55. g5 {[%emt 0:00:21]} Bxh3 {[%emt 0:00:54]} 56. Kxh3 {[%emt 0:00:01]} Kf8 {[%emt 0:00:08]} 57. Ne2 {[%emt 0:01:29]} Nd5 {[%emt 0:00:56]} 58. Kg3 {[%emt 0:00:30]} Ke8 {[%emt 0:00:03]} 59. f4 {[%emt 0:00:20]} Kd7 {[%emt 0:00:26]} 60. Kf3 {[%emt 0:00:06]} c2 {[%emt 0:00:25]} 61. Nc1 {[%emt 0:00:16]} Kxd6 {[%emt 0:00:22]} 62. Ke4 {[%emt 0:00:04]} Kc5 {[%emt 0:01:40]} 63. Nb3+ {[%emt 0:01:27]} Kc4 {[%emt 0:00:53]} 64. Nc1 {[%emt 0:00:06]} Kc5 {[%emt 0:00:03]} 65. Nb3+ {[%emt 0:00:03]} Kc4 {[%emt 0:00:05]} 66. Nc1 {[%emt 0:00:05]} Nb4 {[%emt 0:01:53]} 67. f5 {[%emt 0:01:59]} Nc6 {[%emt 0:00:35]} 68. fxg6 {[%emt 0:00:31]} fxg6 {[%emt 0:00:01]} 69. Ke3 {[%emt 0:00:21]} Kc3 {[%emt 0:00:31]} 70. Ke4 {[%emt 0:00:42]} Nd4 {[%emt 0:00:47]} 71. Ke5 {[%emt 0:00:28]} Kd2 {[%emt 0:00:31]} 72. Na2 {[%emt 0:00:06]} Nf3+ {[%emt 0:00:45]} 73. Kf6 {[%emt 0:00:11]} Nh4 {[%emt 0:00:03]} 74. Ke5 {[%emt 0:00:44]} c1=Q {[%emt 0:00:04]} 75. Nxc1 {[%emt 0:00:03]} Kxc1 {[%emt 0:00:04]} 76. Kf4 {[%emt 0:00:05]} Kd2 {[%emt 0:00:06]} 0-1

[Event "Moscow Youth U19 2019"]
[Site "Moscow"]
[Date "2019.11.20"]
[Round "3.5"]
[White "Nikolaev, Daniil"]
[Black "Gurvich, Vitaly"]
[Result "0-1"]
[WhiteElo "1867"]
[BlackElo "2265"]
[Annotator "ChessBase"]
[PlyCount "76"]
[EventDate "2019.11.18"]
[EventType "swiss"]
[EventCountry "RUS"]
[SourceTitle "playchess.com"]
[Source "ChessBase"]
[SourceQuality "1"]
[TimeControl "5400+30"]

1. e4 {[%emt 0:00:00]} d6 {[%emt 0:10:40]} 2. d4 {[%emt 0:00:15]} Nf6 {[%emt 0:00:04]} 3. Nc3 {[%emt 0:00:28]} e5 {[%emt 0:00:06]} 4. dxe5 {[%emt 0:02:14]} dxe5 {[%emt 1:21:10]} 5. Qxd8+ {[%emt 0:00:15]} Kxd8 {[%emt 0:00:00]} 6. Nf3 {[%emt 0:18:47]} Bd6 {[%emt 0:00:00]} 7. h3 {[%emt 0:01:42]} c6 {[%emt 0:00:00]} 8. Be3 {[%emt 0:01:44]} Be6 {[%emt 0:00:00]} 9. O-O-O {[%emt 0:00:40]} Ke7 {[%emt 0:00:00]} 10. Ng5 {[%emt 0:03:11]} Nbd7 {[%emt 0:00:00]} 11. Nxe6 {[%emt 0:00:08]} fxe6 {[%emt 0:00:00]} 12. g3 {[%emt 0:09:31]} Bc5 {[%emt 0:00:00]} 13. Bg2 {[%emt 0:05:15]} Bxe3+ {[%emt 0:00:00]} 14. fxe3 {[%emt 0:00:04]} a5 {[%emt 0:00:00]} 15. g4 {[%emt 0:06:02]} h6 {[%emt 0:00:00]} 16. Ne2 {[%emt 0:02:19]} Nc5 {[%emt 0:00:00]} 17. Ng3 {[%emt 0:00:08]} a4 {[%emt 0:00:00]} 18. c3 {[%emt 0:11:41]} b5 {[%emt 0:00:00]} 19. Rd2 {[%emt 0:06:53]} a3 {[%emt 0:00:00]} 20. b4 {[%emt 0:00:39]} Na4 {[%emt 0:00:00]} 21. Kc2 {[%emt 0:00:19]} c5 {[%emt 0:00:00]} 22. bxc5 {[%emt 0:01:56]} Rhc8 {[%emt 0:00:00]} 23. Kb3 {[%emt 0:09:05]} Nxc5+ {[%emt 0:00:00]} 24. Kc2 {[%emt 0:03:39]} Na4 {[%emt 0:00:00]} 25. Ne2 {[%emt 0:02:52]} b4 {[%emt 0:00:00]} 26. Kb3 {[%emt 0:01:40]} Nc5+ {[%emt 0:00:00]} 27. Kc2 {[%emt 0:00:33]} Ncxe4 {[%emt 0:00:00]} 28. Bxe4 {[%emt 0:00:05]} Nxe4 {[%emt 0:00:00]} 29. Rd3 {[%emt 0:00:05]} Nf2 {[%emt 0:00:00]} 30. Rb1 {[%emt 0:00:44]} Nxd3 {[%emt 0:00:00]} 31. Kxd3 {[%emt 0:00:03]} Rd8+ {[%emt 0:00:00]} 32. Kc2 {[%emt 0:00:17]} bxc3 {[%emt 0:00:00]} 33. Nxc3 {[%emt 0:00:05]} Rab8 {[%emt 0:00:00]} 34. Rb3 {[%emt 0:00:33]} Rxb3 {[%emt 0:00:00]} 35. Kxb3 {[%emt 0:00:05]} Rd3 {[%emt 0:00:00]} 36. Kb4 {[%emt 0:01:06]} Rxe3 {[%emt 0:00:00]} 37. Nb5 {[%emt 0:00:04]} Rxh3 {[%emt 0:00:00]} 38. Nxa3 {[%emt 0:00:05]} Rg3 {[%emt 0:00:00]} 0-1

[Event "Moscow Youth U19 2019"]
[Site "Moscow"]
[Date "2019.11.20"]
[Round "3.6"]
[White "Talyzin, Valeriy"]
[Black "Sekoyan, Vachagan"]
[Result "0-1"]
[WhiteElo "1829"]
[BlackElo "2084"]
[Annotator "NA"]
[PlyCount "113"]
[EventDate "2019.11.18"]
[EventType "swiss"]
[EventCountry "RUS"]
[SourceTitle "playchess.com"]
[Source "ChessBase"]
[SourceQuality "1"]
[TimeControl "5400+30"]

1. e4 {[%emt 0:00:00]} g6 {[%emt 0:00:00]} 2. d4 {[%emt 0:00:00]} Bg7 {[%emt 0:00:00]} 3. Nf3 {[%emt 0:00:00]} d6 {[%emt 0:00:38]} 4. Bc4 {[%emt 0:00:00]} e6 {[%emt 0:01:43]} 5. Qe2 {[%emt 0:03:58]} h6 {[%emt 0:02:36]} (5... Ne7 6. O-O a6 7. Bb3 O-O 8. Re1 Nd7 9. Nbd2 b5 10. Nf1 c5 11. c3 cxd4 12. cxd4 Nc6 13. Be3 {1-0 (63) Grigoriants,S (2576)-Nakamura,H (2786) chess.com INT 2017}) 6. c3 {[%emt 0:01:38] B06: Modern Defence} Ne7 {[%emt 0:01:56]} 7. O-O {[%emt 0:04:21]} a6 {[%emt 0:02:36]} 8. Bb3 {[%emt 0:00:24]} b6 {[%emt 0:02:55]} 9. Bf4 {[%emt 0:05:39]} Bb7 {[%emt 0:05:17]} 10. Re1 {[%emt 0:01:40]} Nd7 {[%emt 0:01:12]} 11. Nbd2 {[%emt 0:01:13]} O-O $146 {[%emt 0:03:12]} ({Predecessor:} 11... g5 12. Bg3 Ng6 13. Nc4 {½-½ (42) Jenni,F (2399)-Gabriel,C (2578) Zuerich 1999}) 12. Rad1 {[%emt 0:07:24]} Kh7 {[%emt 0:09:06]} 13. Bc2 {[%emt 0:06:23]} Nf6 {[%emt 0:18:35]} 14. h3 {[%emt 0:04:05]} Nd7 {[%emt 0:05:49]} 15. Nf1 {[%emt 0:11:30]} Ng8 {[%emt 0:07:30]} 16. e5 {[%emt 0:11:17]} dxe5 {[%emt 0:03:43]} 17. dxe5 {[%emt 0:00:20]} Qe7 {[%emt 0:01:22]} 18. Bg3 {[%emt 0:06:02]} Rad8 {[%emt 0:11:22]} 19. N1h2 {[%emt 0:02:57]} Rc8 {[%emt 0:02:44]} 20. Bh4 {[%emt 0:00:46]} Qe8 {[%emt 0:00:05]} 21. Rd2 {[%emt 0:03:57]} b5 {[%emt 0:04:26]} 22. Rd4 {[%emt 0:09:58]} Ne7 {[%emt 0:02:32]} 23. Red1 {[%emt 0:02:46]} Nb6 {[%emt 0:00:17]} (23... Bd5 $11 {keeps the balance.}) 24. g4 {[%emt 0:03:52]} Nc6 {[%emt 0:01:35]} 25. Rf4 {[%emt 0:01:28]} Nd5 {[%emt 0:01:33]} 26. Bg3 $2 {[%emt 0:07:36]} (26. Rxd5 $11 {and White has nothing to worry.} exd5 27. Bf6) 26... Nxf4 {[%emt 0:01:17]} 27. Bxf4 {[%emt 0:00:06]} Rd8 {[%emt 0:00:27]} 28. Nd2 {[%emt 0:03:17]} Ne7 {[%emt 0:04:31]} 29. g5 {[%emt 0:00:32]} Nf5 {[%emt 0:03:48]} 30. Ng4 $19 {[%emt 0:00:51]} (30. gxh6 $17 Bxh6 31. Ng4) 30... h5 {[%emt 0:00:56]} 31. Ne3 {[%emt 0:00:20]} Qc6 {[%emt 0:00:41]} 32. Be4 {[%emt 0:00:29]} Qb6 {[%emt 0:00:02]} 33. Nxf5 {[%emt 0:00:49]} exf5 {[%emt 0:00:29]} 34. Bxb7 {[%emt 0:00:32]} Qxb7 {[%emt 0:00:04]} 35. Nf3 {[%emt 0:00:13]} Qe4 {[%emt 0:01:03]} 36. Qxe4 {[%emt 0:00:42]} Rxd1+ {[%emt 0:00:11]} 37. Qe1 {[%emt 0:00:02]} Rxe1+ {[%emt 0:00:05]} 38. Nxe1 {[%emt 0:00:02]} Rd8 {[%emt 0:00:59]} 39. Kf1 {[%emt 0:00:56]} Rd1 {[%emt 0:00:50]} 40. Ke2 {[%emt 0:00:03]} Rb1 {[%emt 0:00:28]} 41. Nd3 {[%emt 0:00:24]} Rh1 {[%emt 0:00:21]} 42. f3 {[%emt 0:00:48]} Rb1 {[%emt 0:01:17]} 43. Bc1 {[%emt 0:00:21]} Ra1 {[%emt 0:00:34]} 44. a3 {[%emt 0:00:44]} Rxc1 {[%emt 0:00:34]} 45. Nxc1 {[%emt 0:00:04]} Bxe5 {[%emt 0:00:02]} 46. Nd3 {[%emt 0:00:14] [#]} Bd6 $1 {[%emt 0:00:03]} 47. Ke3 {[%emt 0:00:26]} Kg7 {[%emt 0:00:59]} 48. Nf4 {[%emt 0:02:06]} Bxf4+ {[%emt 0:00:55]} 49. Kxf4 {[%emt 0:00:05]} f6 {[%emt 0:00:25]} 50. h4 {[%emt 0:01:06]} Kf7 {[%emt 0:00:34]} 51. b3 {[%emt 0:00:16]} c6 {[%emt 0:00:20]} 52. b4 {[%emt 0:00:42]} Ke6 {[%emt 0:00:09]} 53. gxf6 {[%emt 0:00:25]} Kxf6 {[%emt 0:00:06]} 54. Kg3 {[%emt 0:00:25]} Ke5 {[%emt 0:00:22]} 55. Kg2 {[%emt 0:00:19]} Kf4 {[%emt 0:00:44]} 56. Kf2 {[%emt 0:00:08]} g5 {[%emt 0:00:07]} 57. Ke1 {[%emt 0:01:49]} 0-1

[Event "Moscow Youth U19 2019"]
[Site "Moscow"]
[Date "2019.11.20"]
[Round "3.7"]
[White "Kozhukhov, Alexandr"]
[Black "Zavialov, Nikita A."]
[Result "0-1"]
[WhiteElo "1627"]
[BlackElo "2066"]
[Annotator "NA"]
[PlyCount "102"]
[EventDate "2019.11.18"]
[EventType "swiss"]
[EventCountry "RUS"]
[SourceTitle "playchess.com"]
[Source "ChessBase"]
[SourceQuality "1"]
[TimeControl "5400+30"]

1. d4 {[%emt 0:05:43]} Nf6 {[%emt 0:06:00]} 2. Nf3 {[%emt 0:00:16]} g6 {[%emt 0:00:06]} 3. c4 {[%emt 0:00:17]} c5 {[%emt 0:00:07]} 4. g3 {[%emt 0:01:15]} cxd4 {[%emt 0:00:39]} 5. Nxd4 {[%emt 0:00:24]} Nc6 {[%emt 0:00:23]} 6. Nxc6 {[%emt 0:04:17]} bxc6 {[%emt 0:00:57]} 7. Bg2 {[%emt 0:00:15]} Bg7 {[%emt 0:03:15]} 8. O-O {[%emt 0:01:03]} O-O {[%emt 0:01:49]} 9. Nc3 {[%emt 0:02:21]} Qc7 {[%emt 0:01:36] A04: Unusual lines after 1 Nf3 and King's Indian Attack} (9... Rb8 10. Qa4 Qb6 11. Rb1 Qa6 12. Qxa6 Bxa6 13. b3 d5 14. Ba3 dxc4 15. bxc4 Bxc4 16. Bxe7 Rxb1 17. Rxb1 Re8 {½-½ (32) Marin,M (2576)-Kovalenko,I (2668) Almaty 2016}) 10. Bf4 {[%emt 0:06:42]} e5 $146 {[%emt 0:00:59]} ({Predecessor:} 10... Qb6 11. Qd2 d6 12. Rac1 Be6 13. c5 Qxc5 14. Nd5 cxd5 15. Rxc5 dxc5 16. b3 a5 17. Be5 {½-½ (32) Muse,M (2383)-Sroczynski,M (2303) Germany 2016}) 11. Bg5 {[%emt 0:03:37]} Rb8 {[%emt 0:01:35]} 12. b3 {[%emt 0:06:04]} d6 {[%emt 0:02:44]} 13. Qc2 {[%emt 0:09:47]} Be6 {[%emt 0:19:46]} 14. e4 {[%emt 0:04:08]} h6 {[%emt 0:07:51]} 15. Bxf6 {[%emt 0:05:44]} Bxf6 {[%emt 0:00:05]} 16. Rad1 {[%emt 0:00:17]} Bg7 {[%emt 0:06:51]} 17. Rd2 {[%emt 0:03:04]} Rbd8 {[%emt 0:01:01]} 18. h3 {[%emt 0:03:47]} f5 {[%emt 0:02:10]} 19. c5 {[%emt 0:09:17]} dxc5 {[%emt 0:01:04]} 20. Rfd1 {[%emt 0:05:52]} Rd4 {[%emt 0:11:40]} (20... f4 $17 21. Na4 fxg3 22. fxg3 {[#]} c4 $1 {[%mdl 512]}) 21. Ne2 {[%emt 0:01:58]} Rxd2 {[%emt 0:03:32]} 22. Qxd2 {[%emt 0:01:40]} c4 {[%emt 0:00:52]} 23. b4 {[%emt 0:10:04]} (23. exf5 $11 gxf5 24. bxc4) 23... c5 {[%emt 0:02:50]} 24. b5 {[%emt 0:00:35]} Kh7 {[%emt 0:03:28]} 25. Qd6 {[%emt 0:02:36]} Qc8 {[%emt 0:03:00]} 26. Nc3 {[%emt 0:01:26]} f4 {[%emt 0:05:13]} 27. Qc6 {[%emt 0:07:11]} Bxh3 {[%emt 0:03:13]} 28. Qxc8 {[%emt 0:00:15]} Bxc8 {[%emt 0:00:16]} 29. Rd5 {[%emt 0:00:23]} fxg3 {[%emt 0:01:15]} 30. fxg3 {[%emt 0:00:05]} Be6 {[%emt 0:00:37]} 31. Rxc5 {[%emt 0:00:03]} Rc8 $11 {[%emt 0:01:20]} 32. Rxc8 {[%emt 0:01:37]} Bxc8 {[%emt 0:00:04]} 33. Bf1 {[%emt 0:01:28]} Be6 {[%emt 0:00:02]} 34. Kf2 {[%emt 0:01:30]} Bf8 {[%emt 0:00:37]} 35. Nd5 {[%emt 0:00:23]} Bc5+ {[%emt 0:10:33]} 36. Kf3 {[%emt 0:00:43]} Bxd5 {[%emt 0:00:00]} 37. exd5 {[%emt 0:00:04]} c3 {[%emt 0:00:00]} 38. Bd3 {[%emt 0:00:10]} Kg7 {[%emt 0:00:00]} 39. a4 {[%emt 0:00:25]} Kf6 {[%emt 0:00:00]} 40. g4 {[%emt 0:01:47]} h5 {[%emt 0:00:00]} 41. gxh5 {[%emt 0:00:21]} gxh5 {[%emt 0:00:00]} 42. a5 {[%emt 0:01:26]} Bb4 {[%emt 0:00:04]} 43. a6 {[%emt 0:00:12]} Ba5 {[%emt 0:00:38]} 44. Bc2 {[%emt 0:00:44]} Kg5 {[%emt 0:01:31]} 45. Bd3 {[%emt 0:00:37]} Bd8 {[%emt 0:00:48]} 46. Ke4 {[%emt 0:00:32]} Kg4 {[%emt 0:00:55]} 47. Kxe5 {[%emt 0:00:26]} Bb6 {[%emt 0:00:58]} 48. d6 {[%emt 0:00:34]} h4 {[%emt 0:00:13]} 49. d7 {[%emt 0:00:33]} h3 {[%emt 0:00:18]} 50. Kd6 {[%emt 0:00:31]} h2 {[%emt 0:02:05]} 51. Be4 {[%emt 0:00:04]} c2 {[%emt 0:00:30] Kc7} 0-1

[Event "Moscow Youth U19 2019"]
[Site "Moscow"]
[Date "2019.11.20"]
[Round "3.8"]
[White "Shlykov, Yaroslav"]
[Black "Rysaev, Danial"]
[Result "0-1"]
[WhiteElo "1623"]
[BlackElo "2029"]
[Annotator "NA"]
[PlyCount "77"]
[EventDate "2019.11.18"]
[EventType "swiss"]
[EventCountry "RUS"]
[SourceTitle "playchess.com"]
[Source "ChessBase"]
[SourceQuality "1"]
[TimeControl "5400+30"]

1. e4 {[%emt 0:00:00]} e6 {[%emt 0:02:30]} 2. d4 {[%emt 0:00:00]} d5 {[%emt 0:00:06]} 3. e5 {[%emt 0:00:00]} c5 {[%emt 0:00:05]} 4. c3 {[%emt 0:00:00]} Qb6 {[%emt 0:00:05]} 5. Nf3 {[%emt 0:00:00]} Nc6 {[%emt 0:00:06]} 6. a3 {[%emt 0:00:00]} Nh6 {[%emt 0:00:05]} 7. b4 {[%emt 0:00:24]} cxd4 {[%emt 0:00:06]} 8. cxd4 {[%emt 0:00:04]} Nf5 {[%emt 0:00:07]} 9. Be3 {[%emt 0:00:28]} f6 {[%emt 0:00:06]} 10. exf6 {[%emt 0:01:36] C02: French: Advance Variation} gxf6 {[%emt 0:00:03]} 11. Nc3 {[%emt 0:01:14]} Nxe3 {[%emt 0:02:43]} 12. fxe3 {[%emt 0:00:06]} Bh6 {[%emt 0:03:13]} 13. Qd3 {[%emt 0:04:02]} (13. e4 dxe4 14. Nxe4 O-O 15. Bc4 Kh8 16. Qd3 f5 17. Nc5 Bg7 {1-0 (58) Savchenko,B (2599)-Vitiugov,N (2738) Wroclaw 2014}) 13... Ne7 {[%emt 0:05:36]} 14. e4 {[%emt 0:16:08]} dxe4 {[%emt 0:05:03]} 15. Qxe4 $146 {[%emt 0:01:25]} ({Predecessor:} 15. Nxe4 Bg7 16. Qb5+ Qxb5 17. Bxb5+ Kd8 18. O-O Nd5 19. Rae1 Ke7 20. Bc4 Rd8 21. Ng3 Rd6 22. Nf5+ {1-0 (22) Anton Quevedo,A (1979)-Aragon Lopez,H (1447) Madrid 2016}) 15... Bd7 {[%emt 0:03:35]} 16. Qh4 {[%emt 0:15:01]} Qc6 {[%emt 0:08:39]} 17. Ne2 {[%emt 0:09:13]} Nf5 {[%emt 0:03:38]} 18. Qh5+ {[%emt 0:05:40]} Ke7 {[%emt 0:00:27]} 19. d5 {[%emt 0:00:32]} Qxd5 {[%emt 0:01:30]} 20. Rd1 {[%emt 0:00:19]} Qe4 {[%emt 0:02:21]} 21. Nfd4 {[%emt 0:06:45]} Qh4+ {[%emt 0:01:22]} 22. Qxh4 {[%emt 0:00:05]} Nxh4 {[%emt 0:00:01]} 23. g3 {[%emt 0:00:09]} Ng6 {[%emt 0:00:54]} 24. Bg2 {[%emt 0:00:23]} Ba4 {[%emt 0:00:10]} 25. Rd3 {[%emt 0:03:04]} Rac8 {[%emt 0:00:07]} 26. Bxb7 {[%emt 0:05:14] [#]} Rc7 $1 {[%emt 0:00:08]} 27. Be4 {[%emt 0:01:21]} Rhc8 {[%emt 0:00:07]} 28. b5 {[%emt 0:01:59]} Ne5 {[%emt 0:00:36]} 29. Nc6+ {[%emt 0:07:56]} Rxc6 {[%emt 0:00:02]} ({Weaker is} 29... Nxc6 30. bxc6 f5 31. Bg2 $17) 30. bxc6 {[%emt 0:00:24]} Nxd3+ {[%emt 0:00:02]} 31. Bxd3 {[%emt 0:00:07]} Bxc6 {[%emt 0:00:23]} 32. Rf1 {[%emt 0:00:15]} e5 {[%emt 0:00:48]} 33. Bxh7 {[%emt 0:00:26]} Be3 {[%emt 0:00:11]} 34. Rf5 {[%emt 0:02:29]} Rb8 {[%emt 0:02:02]} 35. Nc3 $19 {[%emt 0:13:41]} Bd4 {[%emt 0:00:10]} 36. Ne2 {[%emt 0:00:50]} Rb1+ {[%emt 0:00:05]} 37. Kd2 {[%emt 0:00:08]} Rb2+ {[%emt 0:00:02]} 38. Ke1 {[%emt 0:00:37]} Be3 {[%emt 0:00:10]} 39. Rg5 {[%emt 0:00:53]} 0-1